Vývoj DPH v krajinách V4
Aktuálny stav sadzieb DPH v krajinách V4. Vývoj sadzieb DPH v Slovenskej republike (1993-2011). Vývoj sadzieb DPH v Českej republike (1993-2010). DPH v Poľskej a Maďarskej republike.
Uložené v:
| Hlavný autor: | |
|---|---|
| Médium: | Kapitola |
| Jazyk: | Slovak |
| Predmet: | |
| Tagy: |
Žiadne tagy, Buďte prvý, kto otaguje tento záznam!
|
MARC
| LEADER | 00000naa a2200000 4500 | ||
|---|---|---|---|
| 001 | 0145997 | ||
| 005 | 20231103073004.0 | ||
| 041 | 0 | |a slo | |
| 044 | |a SK | ||
| 245 | 1 | 0 | |a Vývoj DPH v krajinách V4 |c Radoslav Bajus |
| 520 | |a Aktuálny stav sadzieb DPH v krajinách V4. Vývoj sadzieb DPH v Slovenskej republike (1993-2011). Vývoj sadzieb DPH v Českej republike (1993-2010). DPH v Poľskej a Maďarskej republike. | ||
| 610 | 2 | 0 | |a dane z hodnoty pridanej |
| 610 | 2 | 0 | |a vývoj |
| 610 | 2 | 0 | |a zdaňovanie |
| 610 | 2 | 0 | |a Vyšehradská štvorka |
| 100 | 1 | |a Bajus, Radoslav | |